| 000 | 00633nam a2200193Ia 4500 | ||
|---|---|---|---|
| 003 | GCL | ||
| 008 | 140319s9999 xx 000 0 ara d | ||
| 040 |
_aGCL / _cGCL |
||
| 082 | 0 | 4 |
_a001.6424 _bم ت |
| 100 | 1 | _aمجدى محمد ابوالعطا | |
| 245 | 1 | 0 |
_aتعلم EXEL 5 فى يوم واحد / _cمجدى محمد ابوالعطا |
| 300 | _a238 ص | ||
| 490 |
_aسلسلة تيسير علوم الحاسب _v0 |
||
| 650 | 0 | 4 | _aالحاسبات الالكترونية |
| 650 | 0 | 4 | _aالاجهزة الالكترونية |
| 650 | 0 | 4 | _aادارة البرامج |
| 650 | 0 | 4 | _aبرامج الحاسبات |
| 942 |
_2ddc _cBK |
||
| 999 |
_c48320 _d48320 |
||